Helsinki Metro Stations on a Map - Statistics

General Stats
  • This quiz has been taken 554 times
  • The average score is 18 of 25
Answers on the Map
Answers color-coded by a green-red scale on the quiz's map according to % correct below.
 
Answer Stats
M1 % Correct
Kamppi
91%
Itäkeskus
84%
Vuosaari
84%
Sörnäinen
83%
Kalasatama
82%
Lauttasaari
81%
Hakaniemi
80%
Helsingin Yliopisto
80%
Rautatientori
79%
Mellunmäki
77%
Herttoniemi
76%
Tapiola
76%
Ruoholahti
74%
Siilitie
73%
Kulosaari
72%
Aalto Yliopisto
70%
Kontula
70%
Myllypuro
63%
Matinkylä
62%
Keilaniemi
59%
Puotila
57%
Koivusaari
55%
Rastila
54%
Urheilupuisto
52%
Niittykumpu
41%
No matching quizzes found
Score Distribution
Percent of People with Each Score
Percentile by Number Answered
Your Score History
You have not taken this quiz